Loading...
| History - American | 0 | 5 | 2 | 1 | 40 | 32 | 73.80 | 1 | 2 | 16.33 | 26.31 |
| Current Events | 0 | 3 | 0 | 1 | 30 | 72 | 86.33 | 0 | 1 | 10.89 | 27.00 |
| History - European | 0 | 3 | 0 | 1 | 30 | 41 | 68.33 | 0 | 1 | 9.73 | 12.19 |
| Philosophy | 0 | 3 | 0 | 0 | 30 | 6 | 48.33 | 1 | 2 | 18.22 | 24.07 |
| Popular Culture | 0 | 3 | 0 | 0 | 30 | 61 | 85.67 | 0 | 0 | 13.40 | 15.91 |
| Social Science | 0 | 3 | 0 | 0 | 30 | 36 | 53.67 | 0 | 1 | 18.34 | 20.42 |
| Religion | 0 | 2 | 0 | 0 | 20 | 13 | 47.00 | 1 | 1 | 9.70 | 12.88 |
| Literature - World | 0 | 2 | 0 | 1 | 20 | 89 | 110.00 | 0 | 0 | 2.29 | 1.67 |
| History - World | 0 | 2 | 1 | 1 | 15 | 72 | 87.00 | 0 | 0 | 3.03 | 6.36 |
| Fine Arts - Classical Music | 0 | 1 | 0 | 1 | 10 | 119 | 119.00 | 0 | 0 | 0.15 | 0.76 |
| Literature - American | 0 | 1 | 0 | 0 | 10 | 133 | 133.00 | 0 | 0 | 0.07 | 2.73 |
| Geography | 0 | 1 | 0 | 0 | 10 | 95 | 95.00 | 0 | 0 | 2.08 | 7.27 |
| History - Other | 0 | 1 | 1 | 0 | 5 | 53 | 53.00 | 1 | 1 | 4.71 | 9.09 |
| Literature - British | 0 | 1 | 1 | 0 | 5 | 91 | 91.00 | 0 | 0 | 2.25 | 3.31 |
| Science - Physics | 0 | 1 | 1 | 0 | 5 | 76 | 76.00 | 0 | 0 | 2.51 | 4.13 |
| Fine Arts - Painting and Sculpture | 0 | 0 | 0 | 0 | 0 | 0.00 | 0 | 0 | 0.00 | 0.00 | |
| Literature - European | 0 | 0 | 0 | 0 | 0 | 0.00 | 0 | 0 | 0.00 | 0.00 | |
| Science - Other | 0 | 0 | 1 | 0 | -5 | 0.00 | 0 | 0 | 0.00 | 0.00 |